Oru Madhyahnathile Vismayam/ (Record no. 144750)

000 -LEADER
fixed length control field 00365nam a22001577a 4500
020 ## - INTERNATIONAL STANDARD BOOK NUMBER
ISBN 8124002223
082 ## - DEWEY DECIMAL CLASSIFICATION NUMBER
Classification number M301
Item number DEV/O
100 ## - MAIN ENTRY--AUTHOR NAME
Personal name Devi
245 ## - TITLE STATEMENT
Title Oru Madhyahnathile Vismayam/
Statement of responsibility, etc by Devi
260 ## - PUBLICATION, DISTRIBUTION, ETC. (IMPRINT)
Place of publication Kottayam:
Name of publisher Devi,
Year of publication 1995.
300 ## - PHYSICAL DESCRIPTION
Number of Pages 98p.
650 ## - SUBJECT ADDED ENTRY--TOPICAL TERM
Topical Term Stories Malayalam
650 ## - SUBJECT ADDED ENTRY--TOPICAL TERM
Topical Term Literature Malayalam
650 ## - SUBJECT ADDED ENTRY--TOPICAL TERM
Topical Term Literature
942 ## - ADDED ENTRY ELEMENTS (KOHA)
Koha item type Book
Holdings
Withdrawn status Lost status Damaged status Not for loan Permanent Location Current Location Shelving location Date acquired Cost, normal purchase price Full call number Accession Number Price effective from Koha item type
        Sree Sankaracharya University of Sanskrit Sree Sankaracharya University of Sanskrit Stacks 10.06.2020 21.00 M301 DEV/O 099595 10.06.2020 Book